000 00922cab a2200277 4500
001 WB3444-13
008 090401t1998 xxu||||| |||| 00| 0 eng d
035 _a(Sirsi) u89769
041 _aeng
245 _aInvestigation of health hazards
260 _c1998
350 _a0
490 _aWestern Mail
_v18 November 1998, 3(1)
520 _aThe University of Wales is to carry out research into the effect of landfill sites on public health. The study will look at 29 sites throughout Wales, and focus particularly on the incidence of asthma and congenital abnormalities in the surrounding areas.
650 _aHEALTH HAZARDS
650 _aHEALTH RISKS
650 _aLANDFILL SITES
650 _aPUBLIC HEALTH
650 _aRUBBISH TIPS
650 _aSURVEYS
650 _aUNIVERSITY OF WALES
650 _aWALES
690 _aENVIRONMENTAL AND LAND CONSULTANCY
942 _n0
948 _c18/11/1998
999 _c56821
_d56821